| 000 | 01579nam0a2200373 4500 | ||
|---|---|---|---|
| 001 | RU\NLR\bibl\136882 | ||
| 005 | 20250630110843.0 | ||
| 010 |
_a5-7253-0189-3 _9500 |
||
| 020 |
_aRU _b98-21127 _9Книжная летопись |
||
| 021 |
_aRU _b98-10511 _9497 |
||
| 035 | _a(NLR Aleph) 000134080 | ||
| 090 |
_a766293 _c766293 |
||
| 100 | _a20000410d1998 |||y0rusy50 ca | ||
| 101 | 0 | _arus | |
| 102 | _aRU | ||
| 105 | _ay ||||||||| | ||
| 200 | 1 |
_aУсловия жизни и быт населения Восточной Сибири в годы Великой Отечественной войны (1941-1945) _fА. В. Шалак _gМ-во общ. и проф. образования Рос. Федерации, Иркут. гос. экон. акад. |
|
| 210 |
_aИркутск _cИзд-во ИГЭА _d1998 |
||
| 215 |
_a183 с. _d21 |
||
| 320 | _aБиблиогр. в примеч.: с.165-182 | ||
| 610 | 0 | _aНаселение - История, 1941-1945 гг. | |
| 610 | 0 | _aИнфраструктура социальная - История, 1941-1945 гг. | |
| 610 | 0 | _aНароды Восточной Сибири в Великой Отечественной войне 1941-1945 гг. | |
| 675 |
_a316.728(571.5)"1941/1945" _v3 _zrus |
||
| 686 |
_a04 _2rugasnti |
||
| 686 |
_a88.5 _2rubbk |
||
| 700 | 1 |
_aШалак _gАлександр Васильевич _4070 |
|
| 801 | 0 |
_aRU _bRKP _c20000410 _gPSBO |
|
| 801 | 1 |
_aRU _bRKP _c20000410 |
|
| 801 | 2 |
_aRU _bNLR _c20010418 _grcr |
|
| 852 |
_aNLR _j2000-3/18112 |
||
| 942 | _cBOOK | ||
| 980 | _aNB | ||